1071 1448 1430 1292 1735 1333 1080 1466 1489 1858 1789 1927 1171 1742 1956 1223 1988 1495 1747 1092 1632 1993 1369 1241 1577 1962 1739 1861 1713 1006 1133 1697 1901 1539 1980 1128 1056 1324 1578 1285 1664 1520 1134 1312 1983 1516 1547 1237 1405 1094 1407 1997 1342 1891 1886 1074 1422 1952 1976 1403 1582 1074 1132 1577 1088 1922 1894 1960 1238 1155 1026 1673 1826 1003 1888 1759 1326 1599 1144 1996 1848 1729 1836 1977 1539 1197 1363 1012 1494 1989 1424 1852 1581 1209 1627 1959 1122 1215 1376 BCNSPRNW ULIB Ver.6.0+V

เปลี่ยนเป็นภาษาไทย

Change to English
 แสดงรายละเอียดบรรณานุกรม
  กลับหน้าหลัก

Brief Record : Get Marc (ISO 2709) : E-mail record : QR code < ปิดหน้าต่าง
LEADER : 00000nam 2200000uu 4500
001    13399119988
003     ULIB
008    120820s2552||||th 000 0 tha d
020    ^a978611500005
090    ^aนว.^bณ429ร
100 0  ^aณารา
245 00 ^aรอยรักหักเหลี่ยมตะวัน/^cณารา
250    ^aพิมพ์ครั้งที่ 4
260    ^aกรุงเทพฯ :^bพิมพ์คำ,^c2552
300    ^a550 หน้า
945    ^p0^l0^i17000
995    ^aกัณชพร
999 ^a ใช้งานได้ทุกระบบ
รายการนี้ยังไม่มีแท็ก
คุณยังไม่ได้ล็อกอิน คุณสามารถมีกิจกรรมร่วมกับเว็บไซต์ได้ แต่ต้องล็อกอินก่อน ::
  ล็อกอิน

รายการสื่อสารสนเทศ

ลำดับที่ ประเภท เลขเรียก/บาร์โค้ด สถานที่ สถานะ
1. นวนิยาย
นวนิยาย
นว. ณ429ร  
  Barcode: 17000
ห้องสมุดวิทยาเขตสวรรค์ประชารักษ์
►นวนิยาย
บนชั้น
  ขอยืม

รายการใกล้เคียง
    ผู้แต่ง [ณารา]

BibComment


ยังไม่เคยถูกคอมเมนท์

คอมเมนท์ทรัพยากรรายการนี้
  คอมเมนท์: รอยรักหักเหลี่ยม..


 Copyright 2026. Bcnsprnw @Library